| 000 | 00519nam a22001697a 4500 | ||
|---|---|---|---|
| 999 |
_c15325 _d15325 |
||
| 082 |
_a631.37 _bABD/ST |
||
| 100 |
_aABDUL HAKKIM, V. M _92907 |
||
| 245 | _aStudies on consumptive use of water for wetland paddy in Tavanur region | ||
| 260 |
_aTavanur _bKelappaji Collge of Agricultural Engineering and Technology _c1990 |
||
| 300 | _a93 | ||
| 500 | _aProject report | ||
| 520 | _aProject report | ||
| 700 |
_aAbdul Wahab V. M _92977 |
||
| 700 |
_aAsha Joseph _92978 |
||
| 700 |
_aSaji M. Kuriakose _92333 |
||
| 942 | _cPR | ||